01004nam a22002537a 450000500170000001000150001702000260003203500130005803700130007108200130008410000150009724500890011225000110020126000360021227000700024830000240031850000190034252001230036165000650048465000640054965000600061365000570067365000200073020150406145251.0 aENG-112521 a9789383649310c940.00 aEN-96053 bDBAD/PUB a343.5407 aJain, S.C.00aProductivity and discipline :cby S.C. Jainbvictims of misdirected social justice / a2nd ed aNew DelhibKW Publishers c2015 a4676/21, First Floor, Ansari Road, Daryaganj, bNew Delhie110002 axxx,323p.c24cm(Hb) aIncludes index aCase studies in the light of labor laws and impact of indiscipline on industrial production and productivity in India. a Industrial laws and legislationxEconomic aspects z India. a Industrial laws and legislation xSocial aspects z India. a Justice, Administration of xEconomic aspectsz India. a Justice, Administration ofxSocial aspectsz India. aSocial justice.